000 00675nam a2200217Ia 4500
001 21945
003 GE_BSU
008 181216s||||||||xx |||||||||||||| ||und||
040 _cGE_BSU
245 _aВопросы Психологии №6 Ноябрь-Декабрь 2017.
245 _bНаучный журнал
245 _cГл. ред. Е.В. Щедрина
260 _aМосква
260 _c2017
300 _a176 стр. 24см.
653 _aВопросы Психологии №6 Ноябрь-Декабрь 2017..
653 _aНаучный журнал
653 _aПериодика
653 _aპერიოდიკა
942 _cCR
999 _c54876
_d54876